[Event "Lugano op"]
[Site "Lugano"]
[Date "2007.11.18"]
[Round "4.20"]
[White "Tomelleri, Alessio"]
[Black "Scappaticci, Gabriele"]
[Result "1-0"]
[WhiteElo "1961"]
[BlackElo "1542"]
[PlyCount "62"]
[EventDate "2007.11.16"]
[EventType "swiss"]
[EventRounds "5"]
[EventCountry "SUI"]
[SourceTitle "CBM 121 Extra"]
[Source "ChessBase"]
[SourceDate "2008.01.10"]
[SourceVersion "1"]
[SourceVersionDate "2008.01.10"]
[SourceQuality "1"]

1. Nf3 Nf6 2. d3 Nc6 3. g3 d5 4. Bg2 e5 5. 0-0 Bd6 6. Nbd2 0-0 7. c3 Bf5 8. Nh4 Be6 9. e4 dxe4 10. Nxe4 Nxe4 11. dxe4 Qd7 12. Be3 Bh3 13. Qe2 Bxg2 14. Kxg2 Ne7 15. Rad1 f5 16. Qc4+ Kh8 17. f3 f4 18. gxf4 exf4 19. Bd4 b5 20. Qe2 Qd8 21. e5 Re8 22. Qf2 c5 23. exd6 Nd5 24. Bxg7+ Kxg7 25. Rxd5 Rg8 26. Nf5+ Kh8+ 27. Kh1 Qg5 28. Rg1 Qh5 29. Rxg8+ Rxg8 30. d7 Rd8 31. Qg2 Qf7 1-0